000
00338nam a2200145Ia 4500
008
230718s9999 xx 000 0 und d
041
_a
Eng.
082
_a
328048
_b
ABB-I
100
_a
Abbas, Syed Naveed
245
0
_a
Interpration Statues
260
_a
Pakistan
_b
Punjab Law Book
_c
2016
300
_a
137
650
_a
Law
999
_c
30675
_d
30675